[Event "Winter CCCSA-GM 2020"]
[Site "Charlotte"]
[Date "2020.01.19"]
[Round "5.2"]
[White "Korley, Kassa"]
[Black "Yip, Carissa"]
[Result "0-1"]
[WhiteElo "2416"]
[BlackElo "2418"]
[Annotator "TA"]
[PlyCount "74"]
[EventDate "2020.01.17"]
[EventType "tourn"]
[EventCountry "USA"]
[SourceTitle "playchess.com"]
[Source "ChessBase"]
[SourceQuality "1"]

{[%evp 14,80,27,10,20,2,14,0,120,105,132,82,83,80,79,77,90,93,82,83,85,46,66,-38,-29,-31,0,-25,29,27,18,-6,0,0,21,-91,-81,-83,-83,-87,-81,-77,-79,-78,-85,-89,-72,-65,-68,-79,-73,-76,-13,-100,-104,-110,-97,-308,-308,-307,-283,-310,-304,-310,-298,-1065,-1054,-964,-930]} 1. e4 g6 2. d4 Bg7 3. Nc3 d6 4. Be3 c6 5. Qd2 Nd7 6. f3 b5 {[%cal Bb7b5,Bb5b4][%mdl 32]} 7. a4 b4 8. Nd1 a5 {B06: Modern Defence} 9. c3 Rb8 10. Nh3 (10. h4 h6 11. h5 g5 12. Bd3 Ngf6 13. Ne2 c5 14. f4 c4 15. Bb1 bxc3 16. Ndxc3 {1-0 (36) Cernousek,L (2442)-Benjamin,J (2583) ICC INT 2009}) 10... Nb6 $146 (10... Ngf6 $11) ({Predecessor:} 10... Qb6 11. Nf4 c5 12. Bb5 cxd4 13. Bxd4 Bxd4 14. cxd4 Ba6 15. Bxd7+ Kxd7 16. Ne3 {1-0 (48) Anka,E (2390)-Salman,N (2264) Las Vegas 2001}) 11. cxb4 $16 axb4 12. a5 ({Of course not} 12. Qxb4 $6 Bxh3 13. gxh3 Nd5 $11) 12... Bxh3 13. gxh3 Nd7 14. Be2 Ngf6 15. O-O O-O 16. Nf2 c5 17. Rfc1 {aiming for a6.} Nh5 18. d5 (18. dxc5 $14 Nxc5 19. Bc4) 18... Ra8 19. a6 Qb6 20. Ra4 Rfb8 ({Better is} 20... f5 21. f4 Nhf6) 21. f4 Nhf6 22. Rca1 Qd8 23. Ra5 Ne8 24. a7 (24. h4 $11) 24... Rb7 $17 25. Bb5 {White wants to play Bc6.} Qc7 26. Kg2 Rbxa7 27. Rxa7 Rxa7 28. Rxa7 Qxa7 29. Qxb4 {[%mdl 64] [#] Pin} Nb6 30. Qb3 Nc7 31. Bc6 Qa6 32. Kf3 Bf8 (32... h5 $17) 33. e5 (33. Qa3 $11 {remains equal.}) 33... Nc4 34. exd6 exd6 35. Bc1 $2 {[#]} (35. h4 $17 {keeps fighting.}) 35... Na5 $1 $19 {[%cal Ra5b3]} 36. Qa4 Nxc6 37. Qxc6 Qf1 {Played: Qa6-c4} 0-1

[Event "Winter CCCSA-GM 2020"]
[Site "Charlotte"]
[Date "2020.01.19"]
[Round "5.3"]
[White "Hong, Andrew"]
[Black "Jacobson, Brandon"]
[Result "1/2-1/2"]
[WhiteElo "2428"]
[BlackElo "2470"]
[Annotator "TA"]
[PlyCount "123"]
[EventDate "2020.01.17"]
[EventType "tourn"]
[EventCountry "USA"]
[SourceTitle "playchess.com"]
[Source "ChessBase"]
[SourceQuality "1"]

{[%evp 25,123,41,40,39,37,33,45,42,54,0,31,27,46,46,68,71,71,71,71,71,63,72,65,64,89,76,83,75,90,85,80,78,98,96,94,57,87,35,28,7,62,60,64,66,101,50,31,0,31,31,27,53,34,0,0,-95,-98,-116,0,0,0,0,0,0,0,0,0,0,0,0,0,0,0,0,0,0,0,0,0,0,0,0,0,0,0,0,0,0,0,0,0,0,0,0,0,0,0,0,0,0]} 1. e4 c5 2. Nf3 Nc6 3. d4 cxd4 4. Nxd4 Nf6 5. Nc3 d6 6. Bg5 e6 7. Qd2 a6 8. O-O-O Bd7 9. f4 Be7 10. Nf3 b5 11. Bxf6 gxf6 12. f5 Qb6 13. Kb1 O-O-O 14. Ne2 {B69: Sicilian: Richter-Rauzer: 7...a6 8 0-0-0 Bd7 9 f4 Be7 10 Nf3 b5 11 Bxf6} (14. g3 Kb8 15. fxe6 fxe6 16. Bh3 Na5 17. Nd4 b4 18. Nce2 e5 19. Bxd7 Rxd7 20. Nf5 Nc4 21. Qd3 Rc8 22. Ka1 Bf8 23. b3 Na3 24. c4 bxc3 25. Nxc3 {½-½ (64) Navara,D (2734)-Saric,I (2681) Patras 2019}) 14... Kb8 15. Nf4 Rhe8 16. Bd3 {White is slightly better.} Ne5 17. Qe2 $146 (17. Rhe1 $14) ({Predecessor:} 17. Rhe1 Bc8 18. Bf1 d5 19. exd5 Nxf3 20. gxf3 e5 21. Ng2 Bxf5 {0-1 (35) Limp,E-Da Silva,D Rio de Janeiro 1984}) 17... Nxd3 18. Qxd3 d5 19. e5 Qc7 20. Rhe1 fxe5 21. Nxe5 Bd6 22. Qd4 Bc8 {[#] ...f6 is the strong threat.} 23. fxe6 fxe6 24. Nfd3 Bb7 25. Re3 Ka8 26. a3 Rg8 27. g4 h5 28. h3 hxg4 29. hxg4 Rc8 30. Rd2 Qg7 31. c3 (31. Re1 $16) 31... Bb8 $14 32. b4 Qh8 (32... Ba7 $11 33. Nc5 Bxc5 34. bxc5 Qe7) 33. Kb2 Rg5 34. Rf2 Rg7 35. Ref3 (35. Nc5 $16) 35... Rgc7 36. Nf7 Qxd4 (36... e5 $5 37. Ndxe5 (37. Qxe5 Qh1 $15) 37... Qh1 $11) 37. cxd4 Rc4 38. g5 Rxd4 39. Rg2 Rh4 {White must now prevent ...d4.} 40. Rf6 (40. Nc5 $11) 40... d4 $36 {[%mdl 2048] Black is on the roll.} 41. Rd2 Rg4 ({Black should play} 41... Bd5 $17 {And now ...Rc3 would win.} 42. g6 Rg4) 42. Rxe6 $11 {The position is equal.} Rf8 43. g6 Rg8 44. Nfe5 Re4 45. Rf2 Bc8 46. Re7 {Hoping for g7.} Bd6 47. Ref7 $1 {aiming for Nc6.} Bxe5 48. Rf8 Rxf8 49. Rxf8 Re2+ 50. Kc1 Kb7 51. Nxe5 Rxe5 {[%mdl 4096] Endgame KRB-KR} 52. g7 Be6 {Strongly threatening ...Rg5.} 53. Re8 {Threatens to win with Re7+.} Rg5 54. Re7+ Kc6 55. Rxe6+ {KR-KR} Kd5 56. Rxa6 Rxg7 57. Kc2 Rg2+ 58. Kd3 Rg3+ 59. Kc2 Rc3+ 60. Kd2 Kc4 61. Rc6+ {[#]} Kb3 $1 {[%mdl 512]} 62. Rb6 {Accuracy: White = 53%, Black = 59%.} 1/2-1/2

[Event "Winter CCCSA-GM 2020"]
[Site "Charlotte"]
[Date "2020.01.19"]
[Round "5.5"]
[White "Yu, Jennifer"]
[Black "Plotkin, Mark"]
[Result "0-1"]
[WhiteElo "2321"]
[BlackElo "2395"]
[Annotator "TA"]
[PlyCount "72"]
[EventDate "2020.01.17"]
[EventType "tourn"]
[EventCountry "USA"]
[SourceTitle "playchess.com"]
[Source "ChessBase"]
[SourceQuality "1"]

{[%evp 14,72,36,18,68,0,0,0,0,0,0,0,0,0,0,-18,-20,-27,-21,-32,-11,-33,-37,-68,-27,-70,-63,-69,-32,-121,8,-127,-126,-164,-159,-214,-214,-212,-210,-202,-197,-213,-208,-242,-231,-215,-223,-700,-700,-690,-679,-937,-957,-885,-695,-802,-766,-786,-734,-1086,-1077]} 1. d4 g6 2. e4 Bg7 3. Nf3 d6 4. c3 Nf6 5. Bd3 O-O 6. O-O Nc6 7. d5 Nb8 {[%cal Bc6b8,Bb8d7,Bd7c5][%mdl 32]} 8. c4 e5 {B07: Pirc Defence: Miscellaneous Systems} (8... a5 9. Nc3 Na6 10. h3 e5 11. dxe6 Bxe6 12. Be3 Re8 13. Rc1 Nb4 14. Nd4 Nxd3 15. Qxd3 Nd7 16. b3 {1-0 (34) Jakovenko,D (2713)-Rapport,R (2693) Achaia 2013}) 9. dxe6 (9. Nc3 $14) 9... Bxe6 $11 10. Nc3 Nbd7 {The position is equal.} 11. Ng5 Nc5 $146 ({Predecessor:} 11... c6 12. Bf4 Qe7 13. Re1 Ne8 14. Qe2 Ne5 15. h3 a6 16. a4 {0-1 (62) Huber,M (2139)-Menezes,C (2303) Aschach 2012}) 12. Nxe6 fxe6 13. Bc2 Nfd7 14. Be3 Bxc3 15. bxc3 Qf6 16. Qe1 e5 17. Qe2 Ne6 18. g3 Ndc5 19. f3 Rf7 20. Kg2 Kf8 21. Rf2 (21. f4 $15) 21... Ke7 (21... g5 $17) 22. Qd2 (22. f4 $1 $11 {was the only way to keep the balance.}) 22... g5 $17 23. Kf1 Raf8 24. Ke1 (24. Qe2 $17) 24... Qg6 $19 25. Qe2 {[#]} Qh5 $1 26. Bd1 Rf6 27. Rb1 b6 28. Rb2 Qh3 29. Bc2 {[#]} g4 $1 {[%cal Rf6f3][%mdl 512]} 30. fxg4 $2 (30. Qf1) 30... Rxf2 {Black is clearly winning.} 31. Bxf2 Qxh2 {And now ...Ng5 would win.} 32. Bb1 Na4 33. Rb3 Qh6 34. Kd1 Ng5 35. Bd3 Qh1+ 36. Kc2 Qa1 {Accuracy: White = 20%, Black = 68%.} 0-1

[Event "Winter CCCSA-GM 2020"]
[Site "Charlotte"]
[Date "2020.01.19"]
[Round "6.2"]
[White "Ringoir, Tanguy"]
[Black "Yu, Jennifer"]
[Result "1/2-1/2"]
[WhiteElo "2498"]
[BlackElo "2321"]
[Annotator "TA"]
[PlyCount "60"]
[EventDate "2020.01.17"]
[EventType "tourn"]
[EventCountry "USA"]
[SourceTitle "playchess.com"]
[Source "ChessBase"]
[SourceQuality "1"]

{[%evp 9,60,26,24,20,31,33,33,20,29,26,38,0,-6,0,3,-8,0,-24,-23,-14,0,-17,0,-29,-28,-138,-137,-137,-144,-146,-140,-187,-84,-92,-60,-70,-62,-74,-72,-70,-54,-59,-38,-60,-53,-60,-55,-70,-34,-57,-53,-47,0]} 1. d4 d5 2. c4 e6 3. Nc3 a6 4. cxd5 exd5 5. Nf3 Nf6 6. Bg5 {D37: Queen's Gambit Declined: 5 Bf4} Be6 7. e3 Nbd7 8. Bd3 {White is slightly better.} Bd6 (8... h6 9. Bf4 g5 10. Bg3 Nh5 11. Be5 Nhf6 12. Bg3 Nh5 13. Ne2 Nxg3 14. Nxg3 {1-0 (61) Leko,P (2679)-Caruana,F (2832) Germany 2019}) 9. O-O c6 10. e4 dxe4 $1 11. Nxe4 Be7 12. Ng3 O-O 13. Bf5 $146 ({Predecessor:} 13. Re1 Re8 {½-½ (36) Amartuvshin,G (2373)-Gundavaa,B (2481) Ulaanbaatar 2019}) 13... Bd5 14. Ne5 g6 15. Re1 {Hoping for Nxd7.} Re8 16. Re3 Nxe5 (16... gxf5 17. Nxf5 Kh8 18. Nxd7 $18) 17. dxe5 {[#]} (17. Rxe5 $11 {was the only way to keep the balance.} Nd7 18. Rxe7 Rxe7 19. Bxe7 Qxe7 20. Bxd7 Qxd7 21. Qd2) 17... Ng4 $1 $36 {[%cal Rg4f2][%mdl 2624] Discovered Attack. White is under strong pressure.} 18. Bxg4 {Threatens to win with Bxe7.} (18. Qxg4 Bxg5) 18... Bxg5 19. Re2 Bf4 20. e6 fxe6 (20... f5 $19 {and Black stays clearly on top.} 21. e7 Qc7) 21. Ne4 e5 ({Stronger than} 21... Qh4 22. g3 $16) 22. Qc2 Qe7 23. Rae1 Bh6 ({Not} 23... Bxa2 $2 24. b3 $18) 24. g3 Bg7 {Black is slightly better.} 25. h4 Rf8 26. Nc5 Rad8 27. b3 Qf7 28. Ne4 h6 29. Bh3 Kh8 30. Bg4 Kg8 {Accuracy: White = 46%, Black = 52%.} 1/2-1/2

[Event "Winter CCCSA-GM 2020"]
[Site "Charlotte"]
[Date "2020.01.19"]
[Round "6.3"]
[White "Jacobson, Brandon"]
[Black "Plotkin, Mark"]
[Result "1-0"]
[WhiteElo "2470"]
[BlackElo "2395"]
[Annotator "TA"]
[PlyCount "151"]
[EventDate "2020.01.17"]
[EventType "tourn"]
[EventCountry "USA"]
[SourceTitle "playchess.com"]
[Source "ChessBase"]
[SourceQuality "1"]

{[%evp 16,151,40,31,51,33,35,34,42,36,40,40,53,39,48,40,40,12,28,29,40,40,52,30,37,-9,37,9,32,0,0,0,35,21,47,25,27,19,14,0,26,20,47,11,27,0,0,0,0,0,0,0,0,-18,-20,-21,0,0,0,0,0,0,24,24,20,16,10,28,25,16,10,0,0,0,11,5,14,0,0,0,0,0,16,16,16,16,18,4,4,20,23,0,12,13,205,224,208,188,240,255,243,241,251,221,243,235,227,204,248,239,239,215,461,402,580,531,622,586,567,550,615,631,619,562,825,795,780,718,901,908,910,845,939,754,1286,656,4698,3152]} 1. Nf3 g6 2. d4 Bg7 3. c4 d6 4. Nc3 e5 5. e4 exd4 6. Nxd4 Nf6 7. Be2 O-O 8. O-O Re8 9. f3 Nbd7 {E94: King's Indian: Classical: 6 Be2 e5 7 0-0: Various Black 7th moves} (9... Nc6 10. Nc2 Nh5 11. g4 Be5 12. gxh5 Bxh2+ 13. Kxh2 Qh4+ 14. Kg1 Qg3+ 15. Kh1 Qh3+ 16. Kg1 Qg3+ 17. Kh1 Qh3+ 18. Kg1 Qg3+ {½-½ (18) Abasov,N (2655)-Mamedov,R (2648) Budva 2019}) 10. Kh1 Nc5 11. Be3 Ne6 $146 {White is slightly better.} ({Predecessor:} 11... Nh5 12. g4 Nf6 13. Qc2 h5 14. g5 Nh7 15. Rg1 c6 16. Rad1 Qe7 17. Qd2 Nf8 18. Bf1 a5 19. Bg2 a4 20. h3 Nfd7 21. f4 Nb6 22. b3 axb3 23. axb3 Ra3 {½-½ (23) Bagaturov,G (2530)-Stanec,N (2475) Graz 1999}) 12. Qd2 Nxd4 13. Bxd4 Bd7 14. Rfd1 Bc6 15. b4 b6 16. Nd5 a5 17. a3 Nd7 18. Bxg7 Kxg7 19. Qd4+ Kg8 20. Rdc1 Bb7 21. Nc3 Bc6 22. Bd1 Qg5 23. Nd5 Qd8 (23... Ra7 {seems wilder.} 24. Bb3 Bxd5 25. cxd5 axb4 26. axb4 f5) 24. Bb3 Re6 25. Qb2 Ra7 26. Nc3 Re5 27. Nd5 Re6 28. Rd1 Qf8 29. Rac1 Qg7 30. Qxg7+ Kxg7 31. Kg1 Re8 32. Kf2 axb4 33. axb4 Rea8 34. Ke1 Ra3 {And now ...Bxd5 would win.} 35. Rb1 R8a7 36. Nc3 Ne5 37. Kd2 g5 38. Kc2 f6 39. Kb2 Ra8 40. Nb5 Bxb5 $1 41. cxb5 R3a7 42. Bd5 Re8 43. Ra1 Rxa1 44. Rxa1 $11 {[%mdl 4096] Endgame KRB-KRN} Re7 45. Kc3 h5 46. Kd4 h4 47. Ra3 Kg6 48. g3 hxg3 49. hxg3 f5 50. exf5+ Kxf5 51. Ra8 Kf6 52. Rf8+ Kg7 53. Rf5 Kh6 54. Be4 g4 $2 (54... Rf7 $1 $11) 55. f4 $1 $18 {[%cal Rf4e5]} Nf3+ 56. Kd5 Nd2 (56... Kg7 {was worth a try.}) 57. Bd3 $1 Re3 58. Kd4 $1 {[%cal Rd4e3]} Re7 59. Rf6+ Kg7 60. Rg6+ {[%mdl 64] Double Attack} Kf7 61. Rxg4 Nf3+ {[#]} 62. Kd5 $1 Re3 63. Bg6+ Kf6 $2 (63... Kf8 64. Bh7 Kf7) 64. Bh5 Nd2 (64... Re1 {might work better.} 65. Rg6+ {[%mdl 64] Discovered Attack} Kf5) 65. Rg6+ {White is clearly winning.} Ke7 66. Rg7+ Kd8 67. g4 Rd3+ 68. Kc6 Rc3+ {[#]} 69. Kb7 $1 Ne4 70. Rg8+ Kd7 71. Be8+ Ke6 72. Bc6 Nf6 73. Rg7 d5 74. Rxc7 d4 75. g5 Nd5 {[#]} 76. f5+ $1 {Accuracy: White = 56%, Black = 45%.} 1-0

[Event "Winter CCCSA-GM 2020"]
[Site "Charlotte"]
[Date "2020.01.19"]
[Round "6.4"]
[White "Yip, Carissa"]
[Black "Paragua, Mark"]
[Result "0-1"]
[WhiteElo "2418"]
[BlackElo "2506"]
[Annotator "RC"]
[PlyCount "114"]
[EventDate "2020.01.17"]
[EventType "tourn"]
[EventCountry "USA"]
[SourceTitle "playchess.com"]
[Source "ChessBase"]
[SourceQuality "1"]
[TimeControl "5400+30"]

1. e4 {[%emt 1:30:30]} c5 {[%emt 1:30:30]} 2. Nf3 {[%emt 0:00:30]} d6 {[%emt 0:00:30]} 3. d4 {[%emt 0:00:30]} cxd4 {[%emt 0:00:30]} 4. Nxd4 {[%emt 0:00:30]} Nf6 {[%emt 0:00:30]} 5. Nc3 {[%emt 0:00:30]} a6 {[%emt 0:00:30]} 6. Bg5 {[%emt 0:00:30]} Nbd7 {[%emt 0:00:30]} 7. Qe2 {[%emt 0:00:30]} h6 {[%emt 0:00:30]} 8. Bh4 {[%emt 0:00:30]} g5 {[%emt 0:00:30]} 9. Bg3 {[%emt 0:00:30]} e6 {[%emt 0:00:30]} 10. O-O-O {[%emt 0:00:30]} Qc7 {[%emt 0:00:30]} 11. h4 {[%emt 0:00:30]} Rg8 {[%emt 0:00:30]} 12. hxg5 {[%emt 0:00:30]} hxg5 {[%emt 0:00:30]} 13. Kb1 {[%emt 0:00:30]} Ne5 {[%emt 0:00:30]} 14. Nf3 {[%emt 0:00:30]} b5 {[%emt 0:00:30]} 15. Nxe5 {[%emt 0:00:30]} dxe5 {[%emt 0:00:30]} 16. Qd2 {[%emt 0:00:30]} Be7 {[%emt 0:00:30]} 17. Bd3 {[%emt 0:00:30]} Bb7 {[%emt 0:00:30]} 18. f3 {[%emt 0:00:30]} O-O-O {[%emt 0:00:30]} 19. Bf2 {[%emt 0:00:30]} Bc5 {[%emt 0:00:30]} 20. Bxc5 {[%emt 0:00:30]} Qxc5 {[%emt 0:00:30]} 21. a4 {[%emt 0:00:30]} b4 {[%emt 0:00:30]} 22. Na2 {[%emt 0:00:30]} a5 {[%emt 0:00:30]} 23. c3 {[%emt 0:00:30]} b3 {[%emt 0:00:30]} 24. Nc1 {[%emt 0:00:30]} Bc6 {[%emt 0:00:30]} 25. Rh6 {[%emt 0:00:30]} Nd7 {[%emt 0:00:30]} 26. Rh7 {[%emt 0:00:30]} Qb6 {[%emt 0:00:30]} 27. Rxf7 {[%emt 0:00:30]} Bxa4 {[%emt 0:00:30]} 28. Qe2 {[%emt 0:00:30]} Nc5 {[%emt 0:00:30]} 29. Bc4 {[%emt 0:00:30]} Rxd1 {[%emt 0:00:30]} 30. Qxd1 Rd8 {[%emt 0:00:30]} 31. Qg1 {[%emt 0:01:00]} Kb8 {[%emt 0:00:30]} 32. Qe3 {[%emt 0:00:30]} Qd6 {[%emt 0:00:30]} 33. Qxg5 {[%emt 0:00:30]} Qd1 {[%emt 0:00:30]} 34. Bd5 {[%emt 0:00:30]} Kc8 {[%emt 0:00:30]} 35. Qe3 {[%emt 0:00:30]} Bc6 {[%emt 0:00:30]} 36. Qh6 {[%emt 0:00:30]} Bxd5 {[%emt 0:00:30]} 37. exd5 {[%emt 0:00:30]} Qc2+ {[%emt 0:00:30]} 38. Ka1 {[%emt 0:00:30]} Na4 {[%emt 0:00:30]} 39. Qxe6+ {[%emt 0:00:30]} Kb8 {[%emt 0:00:30]} 40. Qxe5+ {[%emt 0:00:30]} Ka8 {[%emt 0:00:30]} 41. Ra7+ {[%emt 0:00:30]} Kxa7 {[%emt 0:00:30]} 42. Qc7+ {[%emt 0:00:30]} Ka6 {[%emt 0:00:30]} 43. Qc4+ {[%emt 0:00:30]} Kb7 {[%emt 0:00:30]} 44. Qc6+ {[%emt 0:00:30]} Kb8 {[%emt 0:00:30]} 45. Qb5+ {[%emt 0:00:30]} Ka7 {[%emt 0:00:30]} 46. Qxa5+ {[%emt 0:00:30]} Kb7 {[%emt 0:00:30]} 47. Qb4+ {[%emt 0:00:30]} Nb6 {[%emt 0:00:30]} 48. Nxb3 {[%emt 0:00:30]} Qd1+ {[%emt 0:00:30]} 49. Ka2 {[%emt 0:00:30]} Qxd5 {[%emt 0:00:30]} 50. Kb1 {[%emt 0:00:30]} Qf5+ {[%emt 0:00:30]} 51. Kc1 {[%emt 0:00:30]} Qg5+ {[%emt 0:00:30]} 52. f4 {[%emt 0:00:30]} Qd5 {[%emt 0:00:30]} 53. Kb1 {[%emt 0:00:30]} Qd3+ {[%emt 0:00:30]} 54. Ka2 {[%emt 0:00:30]} Qc4 {[%emt 0:00:30]} 55. Qe7+ {[%emt 0:00:30]} Rd7 {[%emt 0:00:30]} 56. Qa3 {[%emt 0:00:30]} Kb8 {[%emt 0:00:30]} 57. Qf8+ {[%emt 0:00:30]} Nc8 {[%emt 0:00:30]} 0-1

[Event "Winter CCCSA-GM 2020"]
[Site "Charlotte"]
[Date "2020.01.19"]
[Round "6.5"]
[White "Hong, Andrew"]
[Black "Korley, Kassa"]
[Result "1/2-1/2"]
[WhiteElo "2428"]
[BlackElo "2416"]
[Annotator "TA"]
[PlyCount "117"]
[EventDate "2020.01.17"]
[EventType "tourn"]
[EventCountry "USA"]
[SourceTitle "playchess.com"]
[Source "ChessBase"]
[SourceQuality "1"]

{[%evp 9,117,15,47,21,48,49,41,33,41,42,45,35,48,46,53,0,0,-10,15,21,14,11,15,19,21,17,29,40,42,41,37,13,16,0,0,0,6,0,0,0,0,0,1,0,0,0,0,-8,0,0,0,0,0,0,0,0,0,0,0,0,24,24,24,24,24,24,24,24,24,24,24,24,24,24,24,24,24,24,24,24,24,24,24,24,24,20,24,20,20,20,20,20,20,20,20,20,20,19,20,20,20,16,17,17,17,17,17,0,17,0]} 1. e4 e5 2. Nf3 Nc6 3. Bb5 Nf6 4. d3 d6 5. O-O Bd7 (5... g6 6. d4 exd4 7. Nxd4 Bd7 8. Bxc6 Bxc6 9. Re1 Bg7 10. Nxc6 bxc6 11. e5 dxe5 12. Rxe5+ Kf8 13. Qxd8+ Rxd8 {1-0 (24) Vitiugov,N (2747)-Zvjaginsev,V (2627) Moscow 2019}) 6. Re1 {C66: Ruy Lopez: Steinitz Defence} g6 7. d4 Bg7 8. d5 {White is slightly better.} Nb8 9. Bxd7+ (9. a4 {looks sharper.} a5 10. Nc3 O-O 11. Bg5 h6 12. Be3) 9... Nbxd7 10. c4 O-O 11. Nc3 h6 12. b4 $146 (12. Rb1 $14) ({Predecessor:} 12. Rb1 a5 13. a3 Nh7 {½-½ (29) Heberla,B (2551)-Belov,V (2598) Polanica Zdroj 2006}) 12... a5 $11 13. bxa5 Rxa5 14. Nd2 Nc5 15. Nb3 Nxb3 16. Qxb3 b6 17. Ba3 Nd7 18. Bb4 Ra8 19. a4 f5 20. a5 bxa5 21. Bxa5 Nc5 22. Qc2 Nxe4 23. Nxe4 fxe4 24. Qxe4 Kh7 25. Bd2 Qd7 26. Be3 h5 27. h4 Qf5 28. f3 Rfb8 29. c5 dxc5 30. Bxc5 Rxa1 31. Rxa1 Rb5 32. Be3 Qxe4 33. fxe4 {[%mdl 4096] Endgame KRB-KRB} Rb4 34. Ra7 Rxe4 35. Bc5 Re1+ 36. Kf2 Rd1 37. Rxc7 Kg8 38. d6 {Strongly threatening Ke2.} Bf8 39. Kf3 e4+ $1 ({Wrong is} 39... Bxd6 $2 40. Rd7 $18) 40. Ke2 Rd3 41. d7 {[#] Threatens to win with Rc8.} Bxc5 {KRB-KR} 42. Rc8+ Kf7 {aiming for ...Be7.} 43. d8=Q Rxd8 44. Rxd8 {KR-KB} Be7 45. Ra8 Bxh4 46. Ke3 Kf6 47. Kxe4 Be1 48. Rf8+ Kg5 {The position is equal.} 49. Rg8 Bc3 50. Rc8 Bb2 51. Kf3 Kf5 52. Rc5+ Be5 53. Rc4 Bd6 54. Ra4 Bc7 55. g4+ hxg4+ 56. Rxg4 Be5 57. Ra4 Bc7 58. Rg4 Be5 59. Rxg6 {Accuracy: White = 71%, Black = 75%.} 1/2-1/2

[Event "Winter CCCSA-GM 2020"]
[Site "Charlotte"]
[Date "2020.01.20"]
[Round "7.1"]
[White "Yu, Jennifer"]
[Black "Mishra, Abhimanyu"]
[Result "0-1"]
[WhiteElo "2321"]
[BlackElo "2397"]
[Annotator "TA"]
[PlyCount "94"]
[EventDate "2020.01.17"]
[EventType "tourn"]
[EventCountry "USA"]
[SourceTitle "playchess.com"]
[Source "ChessBase"]
[SourceQuality "1"]

{[%evp 20,112,16,13,0,17,35,20,7,15,11,-27,-23,-34,-29,-28,-27,-60,-37,-37,-34,-33,-37,-51,-46,-47,-43,-72,-78,-91,-89,-85,-79,-80,-87,-110,-110,-134,-101,-150,-149,-157,-139,-139,-139,-128,-116,-132,-96,-160,-112,-179,-173,-176,-178,-157,-152,-222,-210,-212,-222,-201,-164,-205,-214,-383,-383,-391,-376,-398,-409,-399,-377,-362,-349,-332,-314,-311,-463,-456,-452,-427,-404,-672,-668,-689,-671,-623,-605,-583,-545,-533,-525,-495,-470]} 1. d4 Nf6 2. c4 g6 3. Nc3 d5 4. cxd5 Nxd5 5. e4 Nxc3 6. bxc3 Bg7 7. Nf3 c5 8. Be3 Qa5 9. Qd2 O-O 10. Rc1 Bg4 11. Ng5 cxd4 {D85: Exchange Grünfeld: Unusual White 7th moves and lines with 7 Nf3} (11... Na6 12. h3 Bd7 13. Bd3 Rac8 14. d5 c4 15. Bb1 Nc5 16. Bd4 Bxd4 17. cxd4 c3 18. Rxc3 Nd3+ 19. Rxd3 {1-0 (54) Karjakin,S (2771)-Grischuk,A (2792) Stavanger 2014}) 12. cxd4 Nc6 13. Qxa5 Nxa5 {The position is equal.} 14. h3 Bd7 15. Rc7 Rfd8 16. Bd2 b6 17. Nf3 Rac8 18. Rxc8 $146 ({Predecessor:} 18. Rxa7 Nc6 19. Ra6 Nxd4 20. Rxb6 Nxf3+ 21. gxf3 {½-½ (32) Ruiz Mata,O (2276)-Hernandez,G (2230) Montcada 1999}) 18... Rxc8 19. Bd3 $1 Nc4 20. Ke2 Nxd2 21. Kxd2 Bh6+ 22. Ke2 Rc3 23. Ne5 Ba4 24. Rb1 Bc2 {[#] And now ...Rxd3 would win.} 25. Rb2 Bxd3+ 26. Nxd3 $17 {[%mdl 4096] Endgame KRB-KRN} Rc4 27. f4 Rxd4 28. Ke3 Rc4 29. Ne5 Rc3+ 30. Kd4 Rc7 ({Inferior is} 30... Bxf4 31. Nd3 $14) 31. Nd3 e6 32. g4 Bf8 33. g5 Bc5+ 34. Ke5 (34. Nxc5 $142 Rxc5 35. a4) 34... Kg7 35. Nxc5 (35. a4 $17 {is a better defense.}) 35... Rxc5+ {KR-KR} 36. Kd6 Rc4 37. Ke5 Ra4 38. Rc2 {[#]} (38. Rh2 $17 {keeps fighting.}) 38... Ra5+ $1 $19 39. Kd6 Ra3 40. Rh2 h5 41. gxh6+ Kxh6 42. h4 $2 (42. Rc2 {was worth a try.}) 42... Re3 43. Ke5 Kh5 44. Kd4 Rf3 45. Ke5 Kg4 46. Rh1 Rf2 47. a3 b5 {Played: Rf2-e2} 0-1

[Event "Winter CCCSA-GM 2020"]
[Site "Charlotte"]
[Date "2020.01.20"]
[Round "7.2"]
[White "Paragua, Mark"]
[Black "Hong, Andrew"]
[Result "1/2-1/2"]
[WhiteElo "2506"]
[BlackElo "2428"]
[Annotator "TA"]
[PlyCount "34"]
[EventDate "2020.01.17"]
[EventType "tourn"]
[EventCountry "USA"]
[SourceTitle "playchess.com"]
[Source "ChessBase"]
[SourceQuality "1"]

{[%evp 11,34,10,30,14,22,28,21,19,20,15,22,13,18,14,25,0,0,0,0,0,0,-10,-2,-6,-5]} 1. e4 c5 2. Nf3 d6 3. d4 cxd4 4. Nxd4 Nf6 5. Nc3 a6 6. Bg5 Nbd7 7. Qe2 {B94: Sicilian Najdorf: 6 Bg5 Nbd7} (7. Bc4 Qb6 8. Bb3 e6 9. Qd2 Be7 10. O-O-O Nc5 11. Rhe1 O-O 12. f4 h6 13. h4 Qc7 14. g4 Nxg4 15. Qg2 {1-0 (43) Nepomniachtchi,I (2776)-Ding,L (2811) chess.com INT 2019}) 7... h6 8. Bh4 g6 9. f4 e5 10. fxe5 dxe5 11. O-O-O Qc7 12. Nb3 $36 {[%mdl 2048] White has good play.} b5 13. Rxd7 Nxd7 {The position is equal.} 14. Nd5 {[%cal Rd5c7] [#]} Qb8 15. Na5 $146 Bb7 16. Nf6+ Nxf6 $1 17. Bxf6 {White wants to mate with Qxb5+!} Qc7 $1 {Accuracy: White = 76%, Black = 88%.} 1/2-1/2